Marximo vivo: revista de teoría y política internacional
Guardado en:
| Format: | Ukendt |
|---|---|
| Sprog: | Spanish |
| Udgivet: |
Sao Paulo:
Instituto José Luiz y Rosa Sunderman
|
| Tags: |
Tilføj Tag
Ingen Tags, Vær først til at tagge denne postø!
|
MARC
| LEADER | 00000 a2200000 04500 | ||
|---|---|---|---|
| 001 | 36331 | ||
| 003 | |||
| 008 | 050627s2005 bl spa d | ||
| 040 | |||
| 090 | |a 0004 M392m | ||
| 245 | |a Marximo vivo: revista de teoría y política internacional | ||
| 260 | |a Sao Paulo: |b Instituto José Luiz y Rosa Sunderman | ||
| 300 | |a 136 p. | ||
| 999 | |c 16345 |d 16345 | ||
